Kogo to zwrotka w piosence "Parapetówa" - Statystyki

Ogólne statystyki
  • Ten quiz został rozwiązany 125 razy
  • Średni wynik to 12 z 13
Statystyki odpowiedzi
Hint Odpowiedź % Poprawnych
"W pałacu na kacu, pachnie skunem
Stawiaj stówę, że znów to powtórzę
Wódy w ch*j dawaj na parapetówę (ej)
Parapetówę (ej), dawaj na górę"
White 2115
99%
"Ona dzwoni, piszę, pyta kiedy będę
Nie mogę rozmawiać, a odpowiem Ci w piosence
Tu są 3 miliony na podjeździe albo więcej
Wszędzie leży trawa jakbym pojechał na Wembley
Nic nie piję, nic nie biorę, nic nie palę
Ale stałem obok White'a no i chyba się zjarałem
Więc usiadłem obok Lanka i chyba się naje*ałem
I się boję, co się stanie, jak siądę przy twojej starej
Młody Borek"
Bedoes
98%
"Skute Bobo, no bo, najarany nie jestem sobą
Skute Bobo, jeszcze głośniej niż DJ Bobo
Skute Bobo, bas nakur*ia po pi*dzie srogo (a, mhm, mhm)"
Skute Bobo
98%
"Tu nie dopadnie cię żadna troska
Bo wiszę nad drzwiami jak Matka Boska (mama)
Spytaj się White'a co to jest kara boska
I nie trzaskaj drzwiami chamie, bo Ci na łeb spadnie obraz ojca"
Białas
92%
"Młody harcerz, po śniadaniu tańce
Rozkładam se namiot, kiedy widzę fajną panią
One bawią się mną stale, bo mieszkam w domku dla lalek
Jak melanże, to na strzelnicy w Warce"
Kinny Zimmer
92%
"Jak się sukcesy sypią z nieba to przestajesz je doceniać I zaczynasz kumać co ma znaczenie, a co nie ma Pierwsze 100 tysięcy jest jak pierwszy seks Pierwsze kilka baniek jest jak pierwszy syn (flex) Moja pozycja daje mi nawinąć 5 wers" Solar
91%
"U, zmieniliśmy hotel na pałac (hotel na pałac) I choć nie jest mój, to kiedyś nam kupię, jeśli będziesz chciała Pałac to nie hotel, ale proszę o klin W tamtym roku rozje*ałem drzwi, w tym rozje*ię CD Bufor" Jan-Rapowanie
89%
"Kiedy byłem mały, to sklejałem samoloty Dziś też jestem mały, albo mamy duże domy (wille) Więcej nic nie powiem tak jak Reksiu, ale Kiedyś wam pokaże tak jak Leksiu - Palec" Lanek
88%
"Pora obiadowa, na tarasie konsumuję Obwieszony złotem, z wąsem White Wygląda jak mój wujek (Cogo) Raczę się, wlewam do kubka trunek, kaszlę (ekh) Karmelizuję pacunek" Janusz Walczuk
85%
"Miałem siedzieć w szkole, a tu dzwoni Kamil i mówi hotel, i to drugi Pozdrawiam panią (eh), z którą za tydzień mam ustny Ustną maturę, ale tym się będę martwił później W pałacu na kacu leję wódę, aż usnę i się nie obudzę (ej)" Fukaj
84%
"Pokój dzielę z bratem, z bratem dzielę papier
Toaletowy, do głowy wódy mi tylko nalej
Uśmiechniętą mam japę, smutek został w Warszawie
Nikt nas tu nie podzieli, bo wszyscy jesteśmy razem"
Kacperczyk
83%
"Weź nie pier*ol, jakie złe nawyki?
Mafijczyki zaczynają ferie, korkociągi robią pajacyki
Mam pełne tyty i różową bletkę
Motam, kolacjowego, śniadaniowego, pod lunch (o tak)
Parapet się ugnie od tego"
Adi Nowak
81%
Nie kupisz wejściówek do nas na parapetówę Ktoś otwiera wielki pałac, a piłem za garażem wódę Teraz zapier*alam, mógłbym kupić za to furę Tu pali się joint, tu leje się trunek, Zapraszam na górę Beteo
75%
Nie znaleziono quizów pasujących do podanych kryteriów
Rozkład punktacji
Procent ludzi z każdym wynikiem
Percentyl według liczby udzielonych odpowiedzi
Twoja historia wyników
Nie rozwiązałeś tego quizu